00773nam a2200229 a 450000100100000000500170001000800410002702000150006804000250008308200180010810000200012624000410014624500840018726000410027130000210031249000260033350000480035960000330040773400260044070000260046683400510049200002273320200930021750.0101117s1983 ag r 000 p spa d a9501800237 aDO-SdBNPbspacBNPHU a928.73bD553L1 aLilliedahl, Ann11aEmely Dickinson in Europelespañol10aEmely Dickinson en Europa /cAnn Lilliedahl; traducción Zoraida J. Valcarcel. aBuenos Aires :bTres Tiempos,c1983. a157 p. ;c19 cm. aEnsayos Literario;v1 aIncluye notas y referencia bibliográficas10aDICKINSON, EMILY,d1830-1886 aEnsayos Literario;v11 aValcarcel, Zoraida J. aTítulo original :tEmely Dickinson in Europe